Arte sumerio-acadio (Record no. 466167)

000 -CABECERA
Campo de control de longitud fija 00763nam a2200253 4500
001 - NÚMERO DE CONTROL
Campo de control 117596
003 - IDENTIFICADOR DEL NÚMERO DE CONTROL
Campo de control ES-SlBCS
005 - FECHA Y HORA DE LA ÚLTIMA TRANSACCIÓN
Campo de control 20240523085643.0
007 - CAMPO FIJO DE DESCRIPCIÓN FÍSICA
Campo de control de longitud fija ta
008 - CÓDIGOS DE INFORMACIÓN DE LONGITUD FIJA
Campo de control de longitud fija 160202s1931 sp a 0010 spadd
040 ## - FUENTE DE LA CATALOGACIÓN
Centro catalogador del origen ES-SlBCS
Lengua de catalogación spa
Normas de descripción rdc
080 ## - NÚMERO DE LA CLASIFICACIÓN DECIMAL UNIVERSAL
Número de la Clasificación Decimal Universal 7.032.1
100 1# - PUNTO DE ACCESO PRINCIPAL-NOMBRE DE PERSONA
Nombre de persona Unger, Eckhard
9 (RLIN) 40565
245 10 - MENCIÓN DE TÍTULO
Título Arte sumerio-acadio
Mención de responsabilidad, etc. Eckhard Unger ; traducción del alemán por José Camón Aznar
260 ## - PUBLICACIÓN, DISTRIBUCIÓN, ETC... (PIE DE IMPRENTA)
Lugar de publicación, distribución, etc. Barcelona [etc.] :
Nombre del editor, distribuidor, etc. Labor,
Fecha de publicación, distribución, etc. 1931
300 ## - DESCRIPCIÓN FÍSICA
Extensión 112 p., XL p. de lám. :
Otras características físicas il. ;
Dimensiones 19 cm
490 0# - MENCIÓN DE SERIE
Mención de serie Colección labor. ;
Designación de volumen o secuencia 283
500 ## - NOTA GENERAL
Nota general Incluye índices
504 ## - NOTA DE BIBLIOGRAFÍA, ETC.
Nota de bibliografía, etc. Bibliogr. : p. 97-99
650 #4 - PUNTO DE ACCESO ADICIONAL DE MATERIA-TÉRMINO DE MATERIA
Término de materia o nombre geográfico como elemento inicial Arte Sumerio
9 (RLIN) 90799
650 #4 - PUNTO DE ACCESO ADICIONAL DE MATERIA-TÉRMINO DE MATERIA
Término de materia o nombre geográfico como elemento inicial Arte Acadio
9 (RLIN) 104929
700 1# - PUNTO DE ACCESO ADICIONAL-NOMBRE DE PERSONA
Nombre de persona Camón Aznar, José
Fechas asociadas al nombre (1898-1979)
9 (RLIN) 215373
942 ## - ENTRADA DE ELEMENTOS AGREGADOS (KOHA)
Fuente de clasificaión o esquema
Koha [por defecto] tipo de item Libros
Holdings
Suprimido Perdido Fuente de clasificación o esquema Estropeado No para préstamo Localización permanente Localización actual Localización en estantería Fecha adquisición Préstamos totales Signatura completa Número de Registro / Código de Barras Fecha última consulta Fecha del precio de reemplazo Tipo de item de Koha
          San Esteban San Esteban Depósito de libros 03/12/2013   70 UNG art 104128 03/12/2013 03/12/2013 Libros
          San Esteban San Esteban Depósito de libros 02/02/2016   70 UNG sum(a) 117596 02/02/2016 02/02/2016 Libros

Bibliotecas Dominicos Provincia Hispania, 2016

Con tecnología Koha